Cours de chimie agricole... / (Record no. 48462)

MARC details
000 -LEADER
campo de control de longitud fija 00494nam a22001695i 4500
001 - NÚMERO DE CONTROL
campo de control 48462
003 - IDENTIFICADOR DE NÚMERO DE CONTROL
campo de control ES-MaACL
005 - FECHA Y HORA DE LA ÚLTIMA TRANSACCIÓN
campo de control 20230906161745.0
007 - CAMPO FIJO DE DESCRIPCIÓN FÍSICA--INFORMACIÓN GENERAL
campo de control de longitud fija t|
008 - DATOS DE LONGITUD FIJA--INFORMACIÓN GENERAL
campo de control de longitud fija 950719s1873 fr ||||1| fre d
040 ## - FUENTE DE CATALOGACIÓN
Centro catalogador/agencia de origen CAM
Lengua de catalogación spa
Centro/agencia transcriptor CAM
100 1# - ENTRADA PRINCIPAL--NOMBRE DE PERSONA
Nombre de persona Dehérain, P.P.
9 (RLIN) 43242
245 10 - MENCIÓN DEL TÍTULO
Título Cours de chimie agricole... /
Mención de responsabilidad, etc. par P.P. Dehérain.
260 ## - PUBLICACIÓN, DISTRIBUCIÓN, ETC.
Lugar de publicación, distribución, etc. Paris :
Nombre del editor, distribuidor, etc. librairie Hachette et Cie.,
Fecha de publicación, distribución, etc. 1873 (
Fabricante imprimerie de E. Martinet)
300 ## - DESCRIPCIÓN FÍSICA
Extensión XII, 616 p. ;
Dimensiones 22 cm.
852 ## - LOCALIZACIÓN
Ubicación ES-MaACL
Número de control de estantería C-12035
Holdings
Estatus retirado Estado de pérdida Estado de daño No para préstamo Colección Biblioteca de origen Biblioteca actual Ubicación en estantería Fecha de adquisición Fuente de adquisición Total de préstamos Signatura topográfica completa Código de barras Visto por última vez Precio de reemplazo Tipo de ítem Koha
        Libros del s. XIX Biblioteca del Ateneo de Madrid Biblioteca del Ateneo de Madrid Sala Palomar 17/01/2008     C-12035 1051000 23/02/2023 23/02/2023 Libro impreso antiguo